<?xml version="1.0" encoding="UTF-8"?>
<marc:record xmlns:marc="http://www.loc.gov/MARC21/slim">
   <marc:leader>00000nam a2200000 a 4500</marc:leader>
   <marc:datafield ind1="1" ind2=" " tag="100">
      <marc:subfield code="a">Turjman, Jad</marc:subfield>
      <marc:subfield code="4">aut</marc:subfield>
      <marc:subfield code="e">Verfasser/-in</marc:subfield>
   </marc:datafield>
   <marc:datafield ind1=" " ind2=" " tag="653">
      <marc:subfield code="a">Erlebnisbericht</marc:subfield>
   </marc:datafield>
   <marc:datafield ind1="0" ind2="0" tag="245">
      <marc:subfield code="a">Wenn der Jasmin auswandert</marc:subfield>
   </marc:datafield>
   <marc:datafield ind1="0" ind2="0" tag="245">
      <marc:subfield code="b">die Geschichte meiner Flucht</marc:subfield>
   </marc:datafield>
   <marc:datafield ind1=" " ind2="1" tag="264">
      <marc:subfield code="b">Residenz Verlag</marc:subfield>
      <marc:subfield code="c">2019</marc:subfield>
   </marc:datafield>
   <marc:datafield ind1="1" ind2=" " tag="520">
      <marc:subfield code="a">Es gibt eine Sehnsucht. Eine Sehnsucht nach einem Gefühl, nach der Heimatstadt Damaskus, nach dem Geruch von Jasmin. Jad Turjman ist ein junger Syrer, der sein Leben, bevor der Krieg ausbrach, in vollen Zügen genoss. Als der Einberufungsbefehl kommt, steht die Entscheidung schnell fest: die Flucht nach Europa ist die einzige Möglichkeit, um dem sicheren Tod zu entrinnen. Dieser Weg ist abenteuerlich und mühsam, jedoch begegnen ihm fünf „Schutzengel“. Schließlich kommt Turjman an einem Ort an, den er nicht gesucht hat, an dem er jedoch den Jasmin neu p?anzen kann. Jad Turjman hat seine Fluchtgeschichte in einer beispiellosen Intensität beschrieben, mit Humor setzt er uns einem Wechselbad der Gefühle aus. Atemberaubend. (www.buchhandel.de)</marc:subfield>
   </marc:datafield>
   <marc:datafield ind1=" " ind2=" " tag="020">
      <marc:subfield code="a">9783701734801</marc:subfield>
      <marc:subfield code="9">9783701734801</marc:subfield>
   </marc:datafield>
</marc:record>
